Music Quiz

Random Music or Song Quiz

NF Songs Quiz Stats

 Plays Quiz not verified by Sporcle

Score 0/26 Timer 10:00
0 Plays Today
hint answer % Correct
Pills got you right?How Could You Leave Us
85.2%
I guess that your definition of violence and mine is something that we look at differentlyTherapy Session
74.5%
Sometimes i look up to the sky and wonder if you see us down hereOh Lord
68.1%
I'm back did anyone miss me?Intro 2
64.2%
is that me or the fear talking? i don't know anymoreMansion
61.8%
I guess we connect on our hatred for pillsGot you on My Mind
57.2%
You only get one life and every time you look into yours, you feel like everything you have is a wasteWake Up
56%
Maybe you should spend a little less time with the women on your arms and a little bit more with your careerGrindin'
53.8%
Go back to my moments album, Most of y'all don't even know what i'm sayin'Intro
53.5%
I don't live for the world, I live for the king, I live for the kingAll I Have
53.5%
I'm not complaining, I'm just being honest i promise i will not beg for respectReal
52.8%
im scared to live but im scared to die, if life is pain then i've buried mineParalyzed
52.1%
They say that pictures dont change just the people inside of them doLost in the Moment
48.4%
hint answer % Correct
Rappin' in the car outside daily we don't care if its the winter we don't care if it's the summerNotepad
46.5%
You know what my name is, Rhyme-Slayer. Stop Nathan. Whoa!Statement
42.8%
I am lost, i am lost, if i ain't got you i ain't got nothing at allCan You Hold Me
39.9%
I ain't sleepin' lately, yes i know that i'm the only one that can change meFace it
38.4%
i dont wanna hear the sorry's, im tired of all the talken to be honest id rather see a differenceI Just Wanna Know
35.5%
We dont wanna have a conversation, we dont wanna think about it we just wanna fake itWait
32.4%
Apologies don't mean a thing if you never fix itBreathe
31.4%
Faith is something i am not accustomed toI'll Keep On
30.7%
I use to hand out my demo's at shows like listen to meAll I Do
29.4%
I know it sounds funny but its real life, I'm pulled over 'cuz i died at a red lightI Can Feel it
29%
I'm my own worst critic so critics step your hate game upMotivated
28.7%
Hang up the phone i regret it right after see this was a chance i just couldn't pass Wish You Wouldn't
22.4%
I mean what i say and i say what i meanTurn the Music Up
16.1%

You're not logged in!

Compare scores with friends on all Sporcle quizzes.
OR
Log In

Sporcle TV

Today on Sporcle TV


Watch our educational content, quiz creation guides, and fun videos on Sporcle TV.

Show Comments

Extras

Created Aug 29, 2017ReportNominate
Tags:Clickable Quiz, Song Quiz

Top Quizzes Today


Score Distribution

Your Account Isn't Verified!

In order to create a playlist on Sporcle, you need to verify the email address you used during registration. Go to your Sporcle Settings to finish the process.

Report this User

Report this user for behavior that violates our Community Guidelines.

Details: